000 00302 a2200145 4500
001 171005
020 _a
040 _cMagnum
100 _aSchall, Virginia
240 1 0 _aO sonho de carlos
_lpor
245 1 0 _aO sonho de carlos
362 0 _a1899
697 _aIJ/SOCIEDADE COTIDIANO
942 _cBK
999 _c171005
_d171005